MARC

LEADER 00000nam0a2200000 4500
001 287150
005 20231101235948.0
020 |a RU  |b 84-31968 
035 |a (RuTPU)RU\TPU\book\311527 
090 |a 287150 
100 |a 20150313d1984 k y0rusy5003 ca 
101 0 |a rus 
102 |a RU 
105 |a a z 001zy 
200 1 |a Ионосфера и плазмосфера  |f И. А. Кринберг, А. В. Тащилин  |g Сибирский институт земного магнетизма, ионосферы и распространения радиоволн ; под ред. П. А. Щепкина 
210 |a Москва  |c Наука  |d 1984 
215 |a 189 с.  |c ил. 
320 |a Библиогр.: с. 175-186 
606 1 |a Ионосфера  |2 stltpush  |3 (RuTPU)RU\TPU\subj\13102  |9 39768 
610 1 |a электронная концентрация 
610 1 |a космическая плазма 
610 1 |a плазмосфера 
610 1 |a космическое пространство 
675 |a 550.388  |z rus  |v 4 
700 1 |a Кринберг  |b И. А.  |g Игорь Августович 
701 1 |a Тащилин  |b А. В.  |g Анатолий Васильевич 
702 1 |a Щепкин  |b П. А.  |4 340 
712 0 2 |a Сибирский институт земного магнетизма, ионосферы и распространения радиоволн  |2 stltpush  |3 (RuTPU)RU\TPU\col\8421 
801 0 |a RU  |b RuMRKP  |c 19950704  |g psbo 
801 1 |a RU  |b 63413507  |c 20150313 
801 2 |a RU  |b 63413507  |c 20170703  |g RCR 
942 |c BK